Basic electrical engineering (Record no. 7166)

000 -LEADER
fixed length control field 00658nam a2200217 4500
001 - CONTROL NUMBER
control field 7166
003 - CONTROL NUMBER IDENTIFIER
control field BD-DhUET
008 - FIXED-LENGTH DATA ELEMENTS--GENERAL INFORMATION
fixed length control field 740521s1975 nyua 001 0 eng
020 ## - INTERNATIONAL STANDARD BOOK NUMBER
International Standard Book Number 0070211523
040 ## - CATALOGING SOURCE
Original cataloging agency DLC
Transcribing agency DLC
Modifying agency BD-DhUET
082 00 - DEWEY DECIMAL CLASSIFICATION NUMBER
Classification number 623
Item number FIT/1975
100 1# - MAIN ENTRY--PERSONAL NAME
Personal name Fitzgerald, A. E.
245 10 - TITLE STATEMENT
Title Basic electrical engineering
Remainder of title circuits,electronics,machines,control
Statement of responsibility, etc. by A. E. Fitzgerald, David E. Higginbotham and Arvin Grabel
250 ## - EDITION STATEMENT
Edition statement 4th ed.
260 ## - PUBLICATION, DISTRIBUTION, ETC. (IMPRINT)
Place of publication, distribution, etc. New York
Name of publisher, distributor, etc. McGraw-Hill
Date of publication, distribution, etc. 1975
300 ## - PHYSICAL DESCRIPTION
Extent xiv, 817 p.
Other physical details illus.
Dimensions 24 cm.
650 #0 - SUBJECT ADDED ENTRY--TOPICAL TERM
Topical term or geographic name as entry element Electricity : Engineering
700 ## - ADDED ENTRY--PERSONAL NAME
Personal name Higginbotham, David E.
700 ## - ADDED ENTRY--PERSONAL NAME
Personal name Grabel, Arvin
942 ## - ADDED ENTRY ELEMENTS (KOHA)
Koha item type General Book
Holdings
Koha date last seen Sublocation or collection (holding branch) Damaged status Koha issues (times borrowed) Koha full call number Koha date last borrowed Koha item type Copy number Piece designation (barcode) Location (home branch) Koha normalized classification for sorting Lost status Shelving location Not for loan Withdrawn status Source of classification or shelving scheme Date acquired Price effective from
2018-08-04Central Library, BUET 1623/PIT/19752018-07-21General Book165364Central Library, BUET623PIT1975 Circulation section   2014-12-072014-12-07
2015-03-12Central Library, BUET  623/PIT/1975 General Book243309Central Library, BUET623_000000000000000_PIT_1975 Circulation section   2015-03-122015-03-12
2015-03-12Central Library, BUET  623/PIT/1975 General Book343314Central Library, BUET623_000000000000000_PIT_1975 Circulation section   2015-03-122015-03-12
2015-03-12Central Library, BUET  623/PIT/1975 General Book443676Central Library, BUET623_000000000000000_PIT_1975 Circulation section   2015-03-122015-03-12
2015-03-12Central Library, BUET  623/PIT/1975 General Book542843Central Library, BUET623_000000000000000_PIT_1975 Circulation section   2015-03-122015-03-12
2015-04-16Central Library, BUET  623/FIT/1975 General Book643308Central Library, BUET623_000000000000000_FIT_1975 Circulation section   2015-04-162015-04-16
2015-04-18Central Library, BUET  623/FIT/1975 General Book743316Central Library, BUET623_000000000000000_FIT_1975 Circulation section   2015-04-182015-04-18
2015-04-21Central Library, BUET  623/FIT/1975 General Book843310Central Library, BUET623_000000000000000_FIT_1975 Circulation section   2015-04-212015-04-21
2015-04-21Central Library, BUET  623/FIT/1975 General Book943677Central Library, BUET623_000000000000000_FIT_1975 Circulation section   2015-04-212015-04-21
2015-04-21Central Library, BUET  623/FIT/1975 General Book1043313Central Library, BUET623_000000000000000_FIT_1975 Circulation section   2015-04-212015-04-21
2015-04-21Central Library, BUET  623/FIT/1975 General Book1143307Central Library, BUET623_000000000000000_FIT_1975 Circulation section   2015-04-212015-04-21
2015-04-21Central Library, BUET  623/FIT/1975 General Book1251101Central Library, BUET623_000000000000000_FIT_1975 Circulation section   2015-04-212015-04-21
2015-06-28Central Library, BUET  623/FIT/1975 Reading Item1342841Central Library, BUET623_000000000000000_FIT_1975 Reading section   2015-06-282015-06-28
2015-06-28Central Library, BUET  623/FIT/1975 Reading Item1442840Central Library, BUET623_000000000000000_FIT_1975 Reading section   2015-06-282015-06-28
2015-06-28Central Library, BUET  623/FIT/1975 Reading Item1543679Central Library, BUET623_000000000000000_FIT_1975 Reading section   2015-06-282015-06-28